000 00262nam a2200109Ia 4500
008 200302s9999 xx 000 0 und d
100 _aDebora Robertson
245 _aMaking the Most of Storage
260 _bConran Octopus Ltd.
260 _c1996
300 _a80 P.,
999 _c1465
_d1465